[Event "RUS-chT 04th"]
[Site "Azov"]
[Date "1996.??.??"]
[Round "4"]
[White "Berelowitsch, Alexander"]
[Black "Brodsky, Igor"]
[Result "1/2-1/2"]
[WhiteElo "2500"]
[BlackElo "2355"]
[Annotator "Makarichev,S"]
[PlyCount "48"]
[EventDate "1996.??.??"]
[EventType "team-tourn"]
[EventRounds "7"]
[EventCountry "RUS"]
[SourceTitle "CBM 056 Extra"]
[Source "ChessBase"]
[SourceDate "1997.03.01"]
[SourceVersion "1"]
[SourceVersionDate "1997.03.01"]
[SourceQuality "1"]
[WhiteTeam "Rostov-on-Don Don-SDYuSShOR"]
[BlackTeam "Noyabrsk Yamal"]
[WhiteTeamCountry "RUS"]
[BlackTeamCountry "RUS"]

1. e4 c5 2. Nf3 d6 3. d4 cxd4 4. Nxd4 Nf6 5. Nc3 g6 6. Be3 Bg7 7. f3 Nc6 8. Qd2
O-O 9. Bc4 Bd7 10. Bb3 Rc8 11. O-O-O Ne5 12. h4 h5 13. Kb1 (13. g4 hxg4 14. h5
$13) 13... Nc4 14. Bxc4 Rxc4 15. Nb3 Qc7 16. Bd4 Be6 17. g4 hxg4 $5 (17... Kh7
18. gxh5 Nxh5 19. Bxg7 Kxg7 20. Rdg1 Rc8 21. f4 (21. Nd4 {- 17...Rfc8}) 21...
Rxc3 22. bxc3 Qxc3 23. Qxc3+ Rxc3 24. f5 Bd7 $14 {Prandstetter,E-Semkov,S/
Varna/1982/}) (17... Rc8 18. gxh5 Nxh5 19. Rdg1 Kh7 20. Bxg7 Kxg7 21. Nd4 Qc5
22. Nce2 Ra4 23. b3 Ra6 24. Rg5 $16 {Tukmakov,V-Sosonko,G/Amsterdam/1974/}) 18.
h5 gxh5 (18... Nxh5 $4 19. Bxg7 Kxg7 20. Rxh5 gxh5 21. Qg5+ $18) 19. Bxf6 exf6
$1 $8 (19... Bxf6 $2 20. Rxh5 Rxc3 (20... Rc8 21. Rdh1 Rxc3 22. Qh2 $1 $18) 21.
Rg5+ $3 $18 (21. Qh6 $2 Rc8 22. Rdh1 $1 Rc5 (22... Rxc2 23. Rg5+ Bxg5 24. Qh8#)
23. Nxc5 Qxc5 (23... dxc5 $4 24. Rg5+ $1) 24. Rxc5 Rxc5 $14) 21... Bg7 22.
Rxg7+ Kxg7 23. Qg5+ Kh7 24. Rh1#) 20. Rxh5 Rc8 21. Rdh1 Rxc3 22. bxc3 (22. Qh2
$2 Kf8 $17) 22... Qxc3 23. f4 $1 (23. Qxc3 $2 Rxc3 24. fxg4 Bxg4 25. Rd5 f5 26.
Rxd6 (26. exf5 Bf3 $15) 26... fxe4 27. Rd8+ Bf8 28. Nd4 (28. Rg1 f5 29. Nd4 Kf7
$17) 28... Rg3 $1 $15) (23. fxg4 Bxg4 24. Rd5 f5 $15) 23... Qxd2 (23... Bxb3
24. Qxc3 $16 Bxa2+ 25. Kb2 Rxc3 26. Kxc3 f5+ 27. Kd3 fxe4+ 28. Kxe4 $16) 24.
Nxd2 Bxa2+ $1 $13 (24... Bxa2+ 25. Kc1 $5 {/\f4-f5} (25. Kb2 $2 f5+ 26. e5 dxe5
$17) (25. Kxa2 Rxc2+ 26. Kb3 Rxd2 27. R5h4 (27. Rg1 Re2 28. Rxg4 Rxe4 29. Kc2
f5 30. Rxf5 Kf8 31. Rfg5 Bh6 32. Rg8+ Ke7 33. Rb8 $10) 27... f5 (27... Re2 28.
Rxg4 f5 (28... Rxe4 $2 29. Rhg1 $16) 29. exf5 Kf8 30. Rc1 Bf6 31. Rc8+ Ke7 32.
Rb8 Rb2+ $15)) 25... f5 $1 26. Rxf5 (26. exf5 Bd5 27. Rg1 Bf6 (27... Kf8 $4 28.
f6 $18) 28. Rxg4+ Kf8 $13) 26... Be6 27. Rg5 Kf8 28. f5 Bc4 29. Nxc4 $1 (29.
Rxg4 $2 Bd3 $17) 29... Rxc4 30. Rxg4 $13 d5 $5 (30... Be5 $132) 31. Rhg1 Bh6+ (
31... Bd4 $6 32. Rg8+ Ke7 33. Re1 $40) 32. Kb2 Rxe4 (32... dxe4 $2 33. f6 Ke8
34. Rd1 $1 $16) 33. f6 Rxg4 34. Rxg4 Ke8 $10) 1/2-1/2

[Event "Bogota McGregor op 4th"]
[Site "Bogota"]
[Date "2013.12.08"]
[Round "9"]
[White "Mekhitarian, Krikor Sevag"]
[Black "Vera Siguenas, Deivy Anthoni"]
[Result "1-0"]
[WhiteElo "2566"]
[BlackElo "2455"]
[Annotator "Mekhitarian,K"]
[PlyCount "85"]
[EventDate "2013.12.04"]
[EventType "swiss"]
[EventRounds "9"]
[EventCountry "COL"]
[SourceTitle "CBM 158"]
[Source "ChessBase"]
[SourceDate "2014.01.16"]
[SourceVersion "1"]
[SourceVersionDate "2014.01.16"]
[SourceQuality "1"]

1. e4 c5 2. Nf3 d6 3. d4 cxd4 4. Nxd4 Nf6 5. Nc3 g6 6. Be3 Bg7 7. f3 O-O 8. Qd2
Nc6 9. Bc4 Bd7 10. O-O-O Rc8 11. Bb3 Ne5 12. Kb1 Re8 13. Rhf1 $5 $146 {A
highly interesting idea, already seen in 2 correspondence games. I had
prepared this for a long time, and finally had the chance to use it. White
basically wants to play 14.g4, and not worry about ...b5 (since f3 is defended)
. Since Black had just played a waiting move (...Re8), White has the right to
go 'slow' like this. Black has many ways to fight this idea, maybe future
practice will show better.} (13. g4 {right away would be a good move (avoiding
...h5, a key defensive move for Black after h4), but Black takes advantage of
the hanging f3P with} b5 $1 14. g5 b4 15. Na4 $6 {is not good} (15. Nce2 Nh5 {
and the N is not going to d5 at least} 16. Ng3 a5 $1 $132) 15... Nxe4 $1 16.
fxe4 Qa5 $15) 13... Nc4 (13... a6 {was played in those both corr. games} 14. g4
b5 15. g5 {now we'll see the difference - notice that Rhf1 and a6 are included}
Nh5 {has to be played, and White has decent prospects in the following unclear
position:} (15... b4 $6 {would be the adequate answer, but now the a6-square
is not available for the Q, which means that:} 16. Na4 $1 Bxa4 {something like
this is forced} (16... Nxe4 $2 17. fxe4 Qa5 18. a3 $1 Bxa4 19. axb4 $18 {
[%csl Ra4]}) 17. Bxa4 $40 {and the light-squared weaknesses could be a problem.
Qe2-Bb3-f4, etc}) 16. f4 Nc4 17. Bxc4 bxc4 (17... Rxc4 18. f5 $40) 18. f5 $40)
(13... Qc7 $5 {something like this is to be considered as well.}) 14. Bxc4 Rxc4
{It's possible to compare this position with the one resulting from12...Nc4 13.
Bxc4 Rxc4.} 15. Qd3 $5 (15. g4 $5 {similar to the 12...Nc4 line, was also
possible.}) 15... Rc8 16. g4 {Now the attack can begin. The R is not at the
best square on f1, but there will be time to go back to h1.} Bc6 $5 {During
the game I thought this was slow, but with the correct approach on move 18,
Black would have good chances.} 17. h4 $40 Nd7 18. h5 Nc5 $2 {This is too slow.
Now White has time to build a decisive attack.} (18... Ne5 $1 {was a better
alternative} 19. Qe2 Bd7 $1 {looking at ...Rxc3} 20. hxg6 fxg6 21. Rh1 Rxc3 22.
bxc3 Qc7 23. Qh2 Qxc3 24. Qxh7+ (24. Bc1 $5 h6 $1 25. Bxh6 Nc4 26. Bc1 Bxd4 27.
Qh7+ Kf8 28. Rxd4 Qb4+ 29. Ka1 Qc3+ 30. Kb1 $11) 24... Kf7 25. Bd2 Qxd4 26.
Qxg7+ Kxg7 27. Bh6+ Kg8 28. Rxd4 Nxf3 $13 {and Black has good prospects in the
endgame.}) 19. Qd2 Na4 20. Nxa4 Bxa4 21. b3 Bc6 22. hxg6 hxg6 23. Bh6 {Not bad,
but} (23. Nf5 $1 {was simply winning right away} gxf5 24. gxf5 $18 {Rg1, Bh6
coming. Black doesn't have time to stop them all. A sample line is} e6 25. Rg1
Qf6 26. Bd4 e5 27. Be3) 23... Be5 24. Rh1 e6 25. Nxc6 (25. f4 $1 {This would
be the best way to execute the idea I had in the game} Bxd4 (25... Bh8 26. Nxc6
Rxc6 27. Qh2 $18 {now e5 is going to close the diagonal, whenever Black tries
something on a2} Qa5 28. e5 dxe5 29. Bg5 Bg7 30. Qh7+ Kf8 31. Bh6 Bxh6 32.
Qxh6+ Ke7 33. Qg5+ Kf8 34. Rh8+ Kg7) 26. Qxd4 e5 27. Qe3 exf4 28. Qc3 Re5 29.
Bxf4 $18) 25... Rxc6 26. f4 $4 {After a nice opening idea and feeling very
confident, I lose my way making a fast decision and almost spoil all the work
until now.} (26. c4 $1 $18 {was again very simple. Bc3 is controlled, and
f4-Qh2 comes, with deadly effects.}) 26... Bc3 27. Qh2 {This looked good as
well, but I completely forgot about Qa5 or Ra6 (threatening to take on a2).}
Qa5 (27... Ra6 $1 {was the correct way to save the game} 28. Qh3 Qc7 29. Rd3
Rxa2 $1 30. Rxc3 Qa5 31. Kc1 Qb4 $1 {with this very difficult move, Black
forces a draw. The threat is 32...Ra1+ 33.Kd2 Qd4+ 34.Rd3 Qf2+ with a winning
attack} 32. Rc4 Ra1+ 33. Kb2 Qa3+ 34. Kc3 Qa5+ 35. Kb2 $11 Qa3+ 36. Kc3 $11)
28. a4 Rc4 $2 {Luckily, he couldn't find the toughest defence.} (28... Qb4 $1
29. Rd3 Qxe4 {nevertheless, White still has a very strong attack here:} 30. Rh3
Bg7 $1 (30... f5 31. Bg5 $1 Bg7 32. Bf6 $1 Rxc2 $1 (32... Bxf6 $4 33. Rh8+ Kf7
34. Qh7+ Bg7 35. Qxg7+ $3 Kxg7 36. R1h7+ Kf6 37. g5#) 33. Rh8+ Kf7 34. Qxc2
Rxh8 35. Qxe4 $1 (35. Rxh8 $2 Qxc2+ 36. Kxc2 Bxh8 $1 37. Bxh8 fxg4 $13 {
with decent drawing chances}) 35... fxe4 36. Rxh8 Kxf6 37. Rg8 Kf7 38. Rb8 g5
39. Rxb7+ Kg6 40. fxg5 Bd4 41. b4 Kxg5 42. Kc2 Kxg4 43. Kd2 $18) 31. Bxg7 Kxg7
32. Rh7+ Kf8 33. Qh6+ Ke7 34. Qg5+ Kd7 35. Rxf7+ Kc8 36. Rh2 $14 {White
maintains better prospects, Qb5 threatened and a slightly more weakened black K
}) 29. Rd3 $1 {Forced and good.} Rxe4 30. Rxc3 $1 $18 Qxc3 31. Bg5 {The
unstoppable threat is simply 32.Qh7+ Kf8 33.Qh8+ Qxh8 34.Rxh8+ winning the R.}
a5 (31... Re1+ 32. Rxe1 Qxe1+ 33. Kb2 {this is the trick, now Black can't stop
Bf6} f5 34. Qh6 Rc8 35. Bf6 Rxc2+ 36. Kxc2 Qe2+ 37. Kb1 Qd1+ 38. Ka2 $18 {
Bb2 next}) 32. Qh7+ Kf8 33. Qh6+ Kg8 (33... Qg7 34. Bf6 $1 Re1+ 35. Kb2 $18 {
would be even faster.}) 34. Qh7+ Kf8 35. Qh8+ Qxh8 36. Rxh8+ Kg7 37. Rxe8 Re1+
38. Kb2 Rg1 39. Be7 Rxg4 40. Bxd6 g5 41. fxg5 Rxg5 42. Rb8 Rd5 43. Bc7 {
A nice way to finish this tournament!} 1-0

[Event "Bundesliga 0102"]
[Site "Germany"]
[Date "2002.03.17"]
[Round "11.5"]
[White "Joachim, Sven"]
[Black "Polzin, Rainer"]
[Result "1/2-1/2"]
[WhiteElo "2443"]
[BlackElo "2469"]
[Annotator "Meyer,CD"]
[PlyCount "129"]
[EventDate "2001.10.06"]
[EventType "team-tourn"]
[EventRounds "15"]
[EventCountry "GER"]
[SourceTitle "CBM 088"]
[Source "ChessBase"]
[SourceDate "2002.03.21"]
[SourceVersion "1"]
[SourceVersionDate "2002.03.21"]
[SourceQuality "1"]
[WhiteTeam "Werder Bremen"]
[BlackTeam "Neukoelln"]
[WhiteTeamCountry "GER"]
[BlackTeamCountry "GER"]

1. e4 c5 2. Nf3 d6 3. d4 cxd4 4. Nxd4 Nf6 5. Nc3 g6 6. Be3 Bg7 7. f3 O-O 8. Qd2
Nc6 9. Bc4 Bd7 10. O-O-O Rc8 11. Bb3 Ne5 12. Kb1 Re8 $5 (12... Nc4 13. Bxc4
Rxc4 14. g4 {"!, und Schwarz hatte zuletzt Mühe, Ausgleich zu bekommen" 
(Golubev/CBM).}) 13. h4 Nc4 (13... h5 14. g4 (14. Bg5 Rc5 $1) 14... hxg4 15. h5
Nxh5 {must be okay for Black, CBM.}) 14. Bxc4 Rxc4 15. g4 h5 {(!?, ~~, CBM)}
16. gxh5 Nxh5 17. Rdg1 $6 e6 18. Nde2 d5 19. exd5 exd5 {[#]} 20. Bd4 (20. Qxd5
Qc7 (20... Rxc3 $2 21. Nxc3 Rxe3 22. Rxg6) 21. Rd1 Bf5 22. Qd2 b5 $132) 20...
Bxd4 21. Nxd4 Qf6 22. Nce2 Bf5 23. Rh2 $4 (23. Nxf5 Qxf5 24. Nd4 $13) 23...
Rxe2 24. Rxe2 Qxd4 25. Qxd4 Rxd4 $19 26. Re7 Rb4 $6 (26... Rd2 27. Rc1 Nf4 28.
Rxb7 Ne2 29. Re1 Bxc2+ 30. Ka1 a6) 27. a3 Rc4 28. Rg2 Bc8 29. b3 Rc6 30. Rd2
Kf8 31. Re3 Be6 32. Kb2 Kg7 $6 (32... Ng3 33. Re1 Nf5 34. Rh1 Ke7) 33. Rc3 Rxc3
34. Kxc3 Kf6 35. Kb4 Ke7 36. Kc5 Ng7 37. Rd4 Nf5 38. Ra4 a6 39. Rb4 b5 40. a4
Nd6 41. Kb6 bxa4 42. Rxa4 Bf5 43. c4 Bd7 44. Rb4 (44. Rxa6 dxc4 45. bxc4 Nxc4+
46. Kc5 Ne5) 44... a5 $2 (44... d4 45. c5 Nf5 46. c6 Be6 47. c7 Kd7 $19 {[z.B.}
48. Ra4 (48. Kb7 Bd5+ 49. Kb8 Ne7 50. c8=Q+ Nxc8 51. Rxd4 Ne7) 48... Bxb3 49.
Rxa6 Bd5 50. Ra3 Kc8 51. Rd3 Bb7 52. Ra3 (52. f4 Be4) 52... Ne3 53. Ra4 Bxf3
54. Rxd4 Nd5+ 55. Kc5 Kxc7 {]}) 45. Kxa5 dxc4 46. bxc4 Bc6 (46... Nf5 47. c5
Bc6) 47. c5 Nb7+ $6 (47... Nf5) 48. Kb6 Bxf3 49. Rb3 (49. c6 Nd6) 49... Be4 50.
h5 (50. Rb4 Bd5 51. c6 Nd6 52. Kc5 Ke6 53. c7 Ke5 54. Rb8 Be6 55. Rd8 Nc8)
50... gxh5 51. Rh3 Nd8 52. Rxh5 f6 (52... Nc6) 53. Rh4 f5 54. Rh7+ Ke6 55. Rh6+
Ke5 56. Rh8 Nc6 57. Re8+ {[#]} Kd4 $2 (57... Kd5 58. Rc8 Ne5 $19 59. Rd8+ (59.
c6 Nc4+ 60. Ka6 (60. Kc7 Kc5 61. Rf8 Ne5) 60... Nd6) 59... Kc4 60. Rd2 f4) 58.
Rf8 $2 (58. Rxe4+ fxe4 59. Kxc6 e3 60. Kb6 e2 61. c6 e1=Q 62. c7 $11) 58... Ke5
{(?)} (58... Kd5 $5) 59. Re8+ Kd4 $2 60. Rf8 $2 Nb4 61. c6 Nd5+ 62. Kb7 Ne7 63.
Kb6 Nxc6 64. Rxf5 Bxf5 65. Kxc6 1/2-1/2

[Event "ROM-ch"]
[Site "Herculane"]
[Date "1996.??.??"]
[Round "13"]
[White "Florean, Andrei"]
[Black "Milu, Romeo Sorin"]
[Result "1-0"]
[WhiteElo "2375"]
[BlackElo "2440"]
[Annotator "Milu,R"]
[PlyCount "139"]
[EventDate "1996.12.??"]
[EventType "tourn"]
[EventRounds "15"]
[EventCountry "ROU"]
[EventCategory "8"]
[SourceTitle "CBM 056 Extra"]
[Source "ChessBase"]
[SourceDate "1997.03.01"]
[SourceVersion "1"]
[SourceVersionDate "1997.03.01"]
[SourceQuality "1"]

1. e4 c5 2. Nf3 d6 3. d4 cxd4 4. Nxd4 Nf6 5. Nc3 g6 6. Be3 Bg7 7. f3 O-O 8. Qd2
Nc6 9. Bc4 Bd7 10. O-O-O Ne5 11. Bb3 Rc8 12. h4 h5 13. Bg5 Rc5 14. Rhe1 b5 15.
f4 Nc4 16. Bxc4 bxc4 17. e5 Qb6 18. Nde2 Rb8 19. Qd4 Qxb2+ (19... Ng4 20. Ne4
Nxe5 21. fxe5 Bxe5) 20. Kd2 Bf5 21. exf6 exf6 22. Bxf6 Bxf6 23. Qxf6 Bxc2 24.
Rc1 Bd3+ 25. Ke3 Re8+ 26. Kf2 Rf5 (26... Bxe2 27. Rb1 Qc2 28. Nxe2 Rxe2+ 29.
Rxe2 Qxb1 30. Re8+ $18) (26... Ra5 $142 27. Qxd6 Rxa2 28. Nxa2 Qxa2 $15) 27.
Qxd6 $1 Kh7 (27... Bxe2 28. Rxe2 $1 (28. Nxe2 Rxe2+ 29. Rxe2 Qxc1)) 28. Rcd1
Qc2 29. g3 Re6 30. Qd4 Ra5 31. a4 Raa6 (31... Rxa4 32. Qd7) 32. Ra1 Rad6 33.
Qxa7 Kg7 34. Qa5 $1 (34. Ra2 Rxe2+ 35. Rxe2 Qxc3 $132) 34... Qd2 35. Qc5 Qb2 (
35... Rd7 36. Ra2 Rxe2+ 37. Rxe2 Qxc3 38. Qe5+ Qxe5 39. Rxe5) 36. Ra2 Qb7 37.
a5 Qb3 38. Qa3 Qb7 39. Qc5 Qb3 40. Ra3 Qb2 41. a6 Rxa6 42. Rxa6 Rxa6 43. Qe5+
Kh7 44. Nd5 Qxe5 45. fxe5 g5 46. Nec3 Kg6 47. Ne7+ Kh6 48. Re3 Re6 49. Ned5 Kg6
50. Nb5 Ra6 51. Nd4 Ra2+ 52. Ke1 gxh4 53. gxh4 Rh2 54. Rh3 Ra2 55. Nf4+ Kh6 56.
Nxd3 cxd3 57. Rxd3 Ra5 58. Nf3 Kg7 59. Rd6 Rb5 60. Kf2 Rb2+ 61. Kg3 Rb4 62. Rf6
Rg4+ 63. Kh3 Ra4 64. Ng5 Ra3+ 65. Rf3 Ra7 66. Rxf7+ Rxf7 67. Nxf7 Kxf7 68. Kg3
Ke7 69. Kf4 Ke6 70. Ke4 1-0

[Event "FIDE World Cup"]
[Site "Tromsoe"]
[Date "2013.08.12"]
[Round "1.2"]
[White "Nepomniachtchi, Ian"]
[Black "Wei, Yi"]
[Result "0-1"]
[WhiteElo "2723"]
[BlackElo "2551"]
[Annotator "Pavlovic,M"]
[PlyCount "110"]
[EventDate "2013.08.11"]
[EventType "k.o."]
[EventRounds "7"]
[EventCountry "NOR"]
[SourceTitle "CBM 156"]
[Source "ChessBase"]
[SourceDate "2013.09.17"]
[SourceVersion "1"]
[SourceVersionDate "2013.09.17"]
[SourceQuality "1"]

1. e4 c5 2. Nf3 d6 3. d4 cxd4 4. Nxd4 Nf6 5. Nc3 g6 6. Be3 Bg7 7. f3 Nc6 8. Bc4
O-O 9. Qd2 Bd7 10. h4 Rc8 11. Bb3 h5 12. O-O-O Ne5 {Main Line Dragon. I can
simply say: an always popular and entertaining opening, despite being
extensively analysed for many decades still it has lots of possibilities
waiting to be discovered.} 13. Bh6 {not the main move but one of them; it used
to be very popular in eighties} (13. Bg5 Rc5 {this is tabiya. Now White has
many moves but one has been most popular:} 14. Kb1 {this was always considered
critical and with couple of possibilities for Black, some of them used by the
author of this text. Its evaluation is changing constantly, but the Dragon is
like that.} Re8 (14... b5) (14... a6) (14... a5)) (13. Kb1 {this is yet
another idea which has been played many times} Nc4 14. Bxc4 Rxc4 {with couple
of interesting possibilities like:} 15. b3 (15. Nde2) (15. Nb3) (15. g4 {
all of them leading to unclear possibilities})) 13... Nc4 {Black has another
typical idea with which to confront White:} (13... Bxh6 14. Qxh6 Rxc3 15. bxc3
Qa5 (15... Qc7 16. Kb1 a5 17. f4 Nfg4 18. Qg5 a4 19. fxe5 axb3 20. cxb3 Nxe5
21. Qd2 $16 {0-1 (53) Mendez Fortes,E (2316)-Cardenas Ballester,M (2114)
Havana CUB 2011}) 16. Kb1 Rc8 17. g4 Qxc3 18. gxh5 Nc4 19. Bxc4 Rxc4 20. Rd3
Qb4+ 21. Nb3 (21. Rb3 Qc5 22. Ne2 Nxh5 23. Rxb7 Rb4+ 24. Rxb4 Qxb4+ 25. Ka1 Bb5
26. Rb1 Qc4 27. Nc1 Qc3+ 28. Rb2 a6 29. Qg5 Qxf3 30. Qxe7 Qd1 $1 (30... Qf4 31.
Qg5 $16 {1-0 (60) Kovacevic,A (2548)-Ristic,N (2450) Vrnjacka Banja SCG 2005})
31. Qd8+ Kg7 32. Qg5 Ng3 $1 $132) 21... Nxh5 22. Rg1 Qb6 23. Qe3 Qxe3 24. Rxe3
Nf4 {1/2-1/2 (45) Koskivirta,O (2410)-Volaks,B (2465) ICCF 2002. There is
compensation for Black but White is also not without chances to try to convert
to the full point his exchange up.}) 14. Bxc4 Rxc4 15. Bxg7 Kxg7 16. Kb1 {
The alternative is very important:} (16. g4 hxg4 17. h5 Rh8 18. hxg6 fxg6 19.
f4 e5 20. Nde2 (20. fxe5 dxe5 21. Nde2 Rh3 $1 $13) 20... Rxh1 21. Rxh1 Nxe4 22.
Nxe4 Rxe4 23. fxe5 Rxe2 24. Qxe2 Qg5+ 25. Kb1 Qxe5 ({Another good move is:} 
25... Bc6 26. Rg1 Bf3 27. Qf2 dxe5 28. Qxa7 g3 29. Qc5 $13 {1/2-1/2 (29) Hudák,
D (2192)-Piccirilli,F ICCF 2006}) 26. Qd2 {after a long sequence of moves that
has been played before we come to an interesting type of position} Bc6 27. Qh6+
Kf6 28. Rg1 Bf3 29. Qf8+ Ke6 30. a4 a6 31. b3 Qe2 32. Kb2 Qe5+ 33. Ka2 Kd7 {
and Black has enough play} (33... Qe2 $4 34. Re1 $1 {1-0 (34) Inarkiev,E (2683)
-Yakovich,Y (2525) Vladivostok RUS 2012})) 16... Qa5 17. Rhe1 (17. g4 Rxc3 18.
bxc3 Bxg4 $5 19. Rdg1 Bd7 20. Rg5 Qb6+ 21. Ka1 e6 $13) (17. Nb3 Qc7 18. g4 Rxc3
19. bxc3 hxg4 20. h5 gxf3 21. hxg6 fxg6 22. Rdg1 (22. Qh6+ Kf7 23. Rd3 Bg4 24.
Nd4 Rg8 $5 (24... Qc4 25. Nxf3 Bxf3 26. Rxf3 Qxe4 27. Rff1 Rg8 28. Re1 Qc6 29.
Rhf1 Qd7 30. c4 g5 $13 {1/2-1/2 (60) Ivanovic,Z (2241)-Elíson,K (2348) ICCF
2005}) 25. Nxf3 Ke8 26. Re1 Nd7 $13) 22... Kf7 $5 (22... Ng4 23. Rxg4 Bxg4 24.
Qh6+ Kf7 25. Qf4+ Kg7 26. Qh6+ Kf7 27. Qh7+ Kf6 28. Qh4+ Kg7 29. Qh7+ Kf6 30.
Qh4+ Kg7 31. Qxg4 Qxc3 32. Qh4 Kf7 33. Qg5 Ke8 $14 {1-0 (50) Gaponenko,I (2404)
-Dolzhikova,K (2313) Kharkiv UKR 2012}) 23. Rg3 Bg4 24. Qg5 Bh5 25. Rxh5 gxh5
26. Qg6+ Ke6 27. Nd4+ (27. Qf5+ Kf7 $11) 27... Kd7 28. Qf5+ Ke8 29. Ne6 Qb6+
30. Ka1 Rh8 31. Rg7 Rh6 $13) 17... Rfc8 18. Qe3 {We came to a position where
White doesn't go for an immediate attack, but simply tries to base his play on
a more advanced and solid structure where the d5-square plays a key role in
his seeking an advantage.} (18. Nd5 Qxd2 $1 (18... Qd8 19. Nxf6 exf6 20. c3 $14
{1-0 (36) Zezulkin,J (2494)-Szefer,M (1980) Warsaw POL 2005}) 19. Rxd2 Nxd5 20.
exd5 Kf8 $11) 18... a6 (18... Rxc3 19. bxc3 Rxc3 20. Rd3 Rc4 21. Nb3 Qc7 22.
Qd2 $14) 19. Re2 {There was another way to conduct this position:} (19. Rd3 $5
Qc5 20. Qd2 b5 21. Nd1 {[%cal Gd3d7]} e5 22. Nb3 Qc7 23. Ne3 d5 24. exd5 Rxh4
25. Rc3 Qd6 26. Rxc8 Bxc8 27. Rf1 {with interesting play ahead of us possibly
in White's favour due to the slight;y clumsy position of the black rook.})
19... Qc5 20. Qd2 Qa5 21. Qd3 Qe5 22. Qe3 Qc5 23. Rdd2 b5 24. Nd1 $6 (24. Nd5
e5 (24... Nxd5 25. exd5 Re8 26. b3 Rc3 27. Qg5 f6 28. Qg3 $36) 25. Nb3 Qxe3 26.
Nxe3 R4c6 27. Na5 Rb6 28. c3 Be6 29. Re1 Ne8 30. Nc2 {[%cal Gc2b4] with a
still playable position}) 24... e5 $1 25. Nb3 Qc7 26. Qg5 Be6 27. Qg3 (27. Ne3
Rxe4 $1 $19) 27... a5 28. Ne3 Rb4 {Risky as the black rook is slightly
awkwardly placed.} (28... Rc6 $1 29. Nc1 b4 $15) 29. Qe1 $1 Qb6 30. Nc1 (30.
Qd1 $1 Rc6 31. c3 Ra4 32. Nc1 Nd7 33. b3 b4 34. c4 Ra3 35. Nc2 Bxc4 36. bxc4
Rc3 $13) 30... Rd4 $5 {Escaping.} 31. Rxd4 exd4 32. Nd1 b4 33. Qf2 d5 34. e5
Nd7 35. Nb3 Rc4 36. Rd2 d3 $1 37. cxd3 $6 (37. Qxb6 $1 dxc2+ 38. Rxc2 Nxb6 39.
Rxc4 Nxc4 40. Kc1 Bc8 41. f4 Bg4 42. Nf2 Bf5 $11) 37... Qxf2 38. Rxf2 Bf5 39.
Rd2 a4 $17 40. Ne3 Rxh4 41. Nc1 Nxe5 42. Nxd5 b3 43. axb3 axb3 44. Ne3 Rh1 $19
45. Rd1 Bxd3+ 46. Ka1 Rxd1 47. Nxd1 f5 48. f4 Bc2 49. Ne3 Nd3 50. Ne2 h4 51.
Nd4 Ne1 52. Ne6+ Kh6 53. Ng5 Be4 54. Nxe4 fxe4 55. Kb1 Kg7 0-1